[Event "Rostock SSC op 16th"]
[Site "Rostock"]
[Date "2017.07.30"]
[Round "7"]
[White "Pietzsch, Manuel"]
[Black "Kunow, Frank"]
[Result "1-0"]
[WhiteElo "2109"]
[BlackElo "1905"]
[PlyCount "53"]
[EventDate "2017.07.26"]
[EventType "swiss"]
[EventRounds "7"]
[EventCountry "GER"]
[SourceTitle "EXT 2018"]
[Source "ChessBase"]
[SourceDate "2017.10.13"]
[SourceVersion "1"]
[SourceVersionDate "2017.10.13"]
[SourceQuality "1"]

1. e4 g6 2. d4 Bg7 3. Nc3 d6 4. Be3 a6 5. Qd2 Nd7 6. h4 h6 7. 0-0-0 b5 8. f4 Ngf6 9. e5 b4 10. Nb1 Ng4 11. Bd3 h5 12. e6 Nf8 13. exf7+ Kxf7 14. Nh3 Bf5 15. Ng5+ Kg8 16. d5 Qd7 17. Rhe1 a5 18. Bxf5 gxf5 19. Bd4 Nf6 20. Qd3 Ng6 21. Ne6 a4 22. Qxf5 Qe8 23. Nxc7 Qf7 24. Ne6 Ra5 25. Ng5 Rxd5 26. Nxf7 Rxf5 27. Nxh8 1-0

[Event "Rostock SSC op 16th"]
[Site "Rostock"]
[Date "2017.07.29"]
[Round "6"]
[White "Freyberg, Dominic"]
[Black "Pietzsch, Manuel"]
[Result "1/2-1/2"]
[WhiteElo "2163"]
[BlackElo "2109"]
[PlyCount "31"]
[EventDate "2017.07.26"]
[EventType "swiss"]
[EventRounds "7"]
[EventCountry "GER"]
[SourceTitle "EXT 2018"]
[Source "ChessBase"]
[SourceDate "2017.10.13"]
[SourceVersion "1"]
[SourceVersionDate "2017.10.13"]
[SourceQuality "1"]

1. e4 c5 2. c3 d5 3. exd5 Qxd5 4. d4 Nc6 5. Nf3 Bf5 6. Be3 cxd4 7. Nxd4 Nf6 8. Nxf5 Qxf5 9. Qb3 Qc8 10. Na3 e6 11. Be2 Be7 12. Bf3 0-0 13. 0-0 Nd7 14. Nc4 Qc7 15. a4 Rab8 16. a5 1/2-1/2

[Event "Rostock SSC op 16th"]
[Site "Rostock"]
[Date "2017.07.28"]
[Round "5"]
[White "Pietzsch, Manuel"]
[Black "Stern, Rene"]
[Result "0-1"]
[WhiteElo "2109"]
[BlackElo "2488"]
[PlyCount "66"]
[EventDate "2017.07.26"]
[EventType "swiss"]
[EventRounds "7"]
[EventCountry "GER"]
[SourceTitle "EXT 2018"]
[Source "ChessBase"]
[SourceDate "2017.10.13"]
[SourceVersion "1"]
[SourceVersionDate "2017.10.13"]
[SourceQuality "1"]

1. e4 e5 2. Bc4 Nf6 3. d3 Nc6 4. Nc3 Na5 5. Qf3 Nxc4 6. dxc4 d6 7. h3 Be7 8. Nge2 Be6 9. b3 Nd7 10. Be3 Bg5 11. 0-0-0 h6 12. g4 Bxe3+ 13. fxe3 Qf6 14. Qxf6 Nxf6 15. Ng3 0-0-0 16. Rdf1 Ne8 17. Rf2 c6 18. Kb2 g6 19. Rg1 Rh7 20. Rd1 Kc7 21. Rfd2 b6 22. a4 Ng7 23. a5 h5 24. Rf2 hxg4 25. hxg4 Rh4 26. axb6+ axb6 27. Nce2 Rxg4 28. Rh1 Nh5 29. Nf5 Rxe4 30. Nc3 Bxf5 31. Rxf5 gxf5 32. Nxe4 fxe4 33. Rxh5 Kd7 0-1